The Russian management revolution (Бичлэгийн дугаар. 145657)
| 000 -УДИРДЛАГА | |
|---|---|
| Удирдлага | 01358nam a22002657a 4500 |
| 003 - ХЯНАЛТЫН ТОО ТОДОРХОЙЛОГЧ | |
| Код | MN-UlNUM |
| 005 - БИЧИЛТ ХИЙСЭН ОГНОО | |
| Тухайн бичилтийг бичсэн засварласан сүүлийн огноо | 20251117161541.0 |
| 008 - ЕРӨНХИЙ МЭДЭЭЛЭЛ | |
| Ерөнхий мэдээлэл | 251117s1992 nyu b 001 0 eng |
| 020 ## - ISBN | |
| ISBN | 1563240424 |
| 040 ## - БИЧЛЭГ ҮҮСГЭГЧ БАЙГУУЛЛАГА | |
| Бичлэг үүсгэгч номын сангийн код | МУИС-ийн номын сан |
| 084 ## - ББК АНГИЛАЛ | |
| Нэмэлт тусгалт | Нэг сэдэвт бүтээл |
| ББК ангилал | 65.290-2 |
| Зохиогчийн гурван тэмдэгт | R 95 |
| Мэдлэгийн ялгаа | 65 - Эдийн засаг |
| 245 04 - ҮНДСЭН ГАРЧИГ | |
| Номын нэр | The Russian management revolution |
| Бага гарчгийн мэдээ | Preparing managers for the market economy |
| Оролцогчдын тухай мэдээ | edited by Sheila M. Puffer ; with a foreword by Lawrence McKibbin |
| 260 ## - ГАРАЛТЫН МЭДЭЭ | |
| Хэвлэгдсэн газар | Armonk, New York |
| Хэвлэлийн газар | M.E. Sharpe |
| Хэвлэгдсэн он | 1992 |
| 300 ## - МАТЕРИАЛЫН ТОДОРХОЙЛОЛТ | |
| хуудасны тоо | xiii, 290 p. ; |
| Хэмжээ | 24 cm |
| 500 ## - Тайлбар | |
| Дансны дугаар | БС 3918 |
| 505 ## - Агуулгын тэмдэглэгээ | |
| Агуулгын тэмдэглэгээ | Soviet managerial culture, however resistant to change, is in fact changing (just as Western managers have begun to grasp some of its written rules). This volume attempts to reveal the direction of those changes. It spotlights the problems that are preparing students, career managers, and the employees of Western ventures for work in a very different environment. The issues (and the pitfalls) are brought to life in reports from the field by some of the Soviet and Western consultants, executives, instructors and students who are pioneers in the conscious creation of a new managerial culture. |
| 546 ## - ХЭЛНИЙ ТУХАЙ МЭДЭЭ | |
| Хэл | Англи хэл дээр, |
| 653 ## - Түлхүүр үг | |
| Түлхүүр үг | management |
| 653 ## - Түлхүүр үг | |
| Түлхүүр үг | executives |
| 653 ## - Түлхүүр үг | |
| Түлхүүр үг | training |
| 653 ## - Түлхүүр үг | |
| Түлхүүр үг | study and teaching |
| 700 ## - ХАМ ЗОХИОГЧИД | |
| Ба бус | Puffer, Sheila M |
| 942 ## - ЭЛЕМЕНТИЙН ТӨРӨЛ | |
| Зүйлийн төрөл | Ном |
